Statistiques concernant La médecine en 15 questions

Cliquez ici pour prendre le quiz!

Statistiques générales

  • Ce quiz a été pris 1 468 fois
    (1 439 depuis la dernière actualisation)
  • Le résultat moyen est 6 sur 15

Statistiques - réponses

QuestionRéponse% Correct
La longueur moyenne de l'intestin (en mètres)7
95%
Le groupe sanguin-rhésus le plus fréquentO+
77%
L'eau représente ... % du corps humain60
71%
Le nombre d'os composant le corps humain206
55%
Il a découvert la pénicilline en 1928Fleming
47%
Le premier vaccin immunisait contre ...variole
42%
La plus grosse glande du corps humainPancreas
39%
Il y en a quatre selon Hippocratehumeurs
35%
La quantité moyenne quotidienne de salive fabriquée par l'organisme (en millilitres)1000
32%
Le plus grand hôpital d'EuropePitié Salpétrière
28%
L'ancêtre du chirurgien au Moyen-Agebarbier
23%
La faculté de médecine encore en activité la plus ancienne au mondeMontpellier
23%
L'année de la première transplantation cardiaque1967
21%
L'inventeur du stéthoscopeLaennec
17%
Le père de l'hygiène chirurgicale (ou asepsie)Semmelweis
6%

Distribution des résultats

Percentile par nombre de réponses

% des personnes avec chaque résultat

Votre développement - résultats

Vous n’avez pas pris ce quiz depuis la dernière actualisation